La educación superior en el siglo XXI: visión de América Latina y el Caribe

Saved in:
Bibliografiske detaljer
Hovedforfatter: Yarzábal, Luis (Author)
Format: Bog
Sprog:spansk
Udgivet: Caracas Cresalc 1997
Serier:Colección Respuestas, 5
Fag:
Tags: Tilføj Tag
Ingen Tags, Vær først til at tagge denne postø!

MARC

LEADER 00000nam a2200000 a 4500
001 UCP5505
003 CL-VaPUC
005 20231103091629.0
008 990927e19970000ve 1 spa d
020 |a 9291430218o.c 
020 |a 9291430226v.1 
082 0 4 |a 378.98  |b YAR  |2 21 
100 1 |a Yarzábal, Luis  |e author  |9 619601 
245 1 3 |a La educación superior en el siglo XXI: visión de América Latina y el Caribe 
260 |a Caracas  |b Cresalc  |c 1997 
300 |a v 
490 0 |a Colección Respuestas, 5 
583 |a last modification  |c 20190821 11:12:28  |k Rodrigo Vera 
650 0 0 |a Calidad de la educación   |9 307271 
650 0 7 |a ESTRATEGIAS DE LA EDUCACION  |2 CL-VaPUC  |9 368558 
650 0 0 |a Educación superior   |9 223851 
650 0 0 |a Gestión educacional   |9 261035 
650 0 0 |a Planificación de la educación   |9 307333 
651 0 |a América Latina   |9 255027 
651 0 |a Brasil  |9 267393 
651 7 |a CUBA  |2 CL-VaPUC  |9 255263 
942 |c BK 
945 |a vberengu  |d 19990927 00:00:00 
546 |a En Español 
536 |a UNESCO 
518 |p Conferencia Regional Políticas y Estrategias para la transformación de la Educación Superior en América Latina y el Caribe, 1, La Habana, 18 al 22 de noviembre de 1996 
999 |c 383483  |d 383481 
952 |0 0  |1 0  |4 0  |6 378_980000000000000_YAR_1997  |7 0  |8 A  |9 505607  |a BIBEDU  |b BIBEDU  |d 2020-01-23  |h v.2  |i 3560406  |o 378.98 YAR 1997  |p 3560406  |r 2020-01-23  |w 2020-01-23  |y BK  |k EPE 
952 |0 0  |1 0  |4 0  |6 378_980000000000000_YAR_1997  |7 0  |8 A  |9 505608  |a BIBEDU  |b BIBEDU  |d 2020-01-23  |h v.1  |i 4678559  |o 378.98 YAR 1997  |p 4678559  |r 2020-01-23  |w 2020-01-23  |y BK  |k EPE